000 00310nam a2200145Ia 4500
008 240112s2014 xx 000 0 und d
022 _a9405429
041 _aeng
082 _a616.05
100 _aPORTA M
245 _aACTA DIABETALOGICA
260 _bSPRINGER
_c2014
300 _a1-518
440 _v51
999 _c1144359
_d1144359